Music Quiz

Random Music or Singers Quiz

Real Mononyms: Singers Quiz Stats

 Plays Quiz Updated Dec 6, 2017

Challenge
Share
Tweet
Score 0/24 Timer 08:00
5 Plays Today
% Correct
Beyoncé
95.1%
Adele
94.2%
Seal
89.6%
Madonna
85.7%
Shakira
83.1%
Beck
82.6%
Sia
78.5%
Brandy
71.5%
Selena
70.4%
Mario
64.5%
Jewel
63.8%
Björk
63.5%
% Correct
Kelis
58.5%
Donovan
57.2%
Darius
50.4%
Dion
48.2%
Monica
48.1%
Louise
41.9%
Sandra
38.9%
Anastacia
36.8%
Melanie
35.1%
Juliet
34.5%
Nicole
27.4%
Charlene
23.8%

You're not logged in!

Compare scores with friends on all Sporcle quizzes.
Join for Free
OR
Log In

You Might Also Like...

Show Comments

Extras

Top Quizzes Today


Score Distribution

Your Account Isn't Verified!

In order to create a playlist on Sporcle, you need to verify the email address you used during registration. Go to your Sporcle Settings to finish the process.

Report this User

Report this user for behavior that violates our Community Guidelines.

Details: